00320nam a22001337a 4500003000400000020001800004082001800022100001700040245002400057260003900081650002800120700001800148700002000166SGT a9786207484195 a617.601bT25K aKhan, Aleena aThe Toothbrush time bLambert Academic Publishing c2025 aPublic health dentistry aSikri, Prachi aTandon, Shourya